Câu đố ở Mỹ Xuyên, Sóc Trăng - dưới góc nhìn thi pháp thể loại
Đề cập đến 1 số giới thuyết về thể loại; thi pháp thể loại đố thai. Trình bày giá trị văn hóa và nội dung của các câu đố thai
Đã lưu trong:
| Tác giả chính: | |
|---|---|
| Định dạng: | Sách |
| Năm xuất bản: |
H.
Văn hoá thông tin
2014
|
| Chủ đề: | |
| Tags: |
Thêm thẻ
Không có thẻ, Hãy là người đầu tiên gắn thẻ bản ghi này!
|
| LEADER | 00983nam a2200181 4500 | ||
|---|---|---|---|
| 082 | |a 398.6 |b TR120PH | ||
| 100 | |a Trần Phỏng Diều | ||
| 245 | |a Câu đố ở Mỹ Xuyên, Sóc Trăng - dưới góc nhìn thi pháp thể loại |c Trần Phỏng Diều, Trần Minh Thương sưu tầm và giới thiệu | ||
| 260 | |a H. |b Văn hoá thông tin |c 2014 | ||
| 300 | |a 223 tr. |c 21 cm | ||
| 520 | |a Đề cập đến 1 số giới thuyết về thể loại; thi pháp thể loại đố thai. Trình bày giá trị văn hóa và nội dung của các câu đố thai | ||
| 653 | |a Câu đố Việt Nam | ||
| 653 | |a Văn hóa dân gian | ||
| 653 | |a Thi pháp | ||
| 942 | |2 ddc |c SH | ||
| 999 | |c 8171 |d 8171 | ||
| 952 | |0 0 |1 0 |2 ddc |4 0 |6 398_600000000000000_TR120PH |7 0 |8 300 |9 69268 |a qbu |b qbu |c D2 |d 2015-04-03 |o 398.6 TR120PH |p 7719.c1 |r 0000-00-00 |w 2015-04-03 |y SH | ||
| 952 | |0 0 |1 0 |2 ddc |4 0 |6 398_600000000000000_TR120PH |7 0 |9 96990 |a qbu |b qbu |c D2 |d 2015-10-26 |o 398.6 TR120PH |p 7719.c2 |r 0000-00-00 |w 2015-10-26 |y SH | ||